|
|
|
|
| LEADER |
00000nab a2200000 ar4500 |
| 001 |
vtls010603471 |
| 003 |
SK-MaSNL |
| 005 |
20260305031616.0 |
| 008 |
140616c2014 xo wr|p|||||||000 b|slo |
| 038 |
|
|
|a PPPK
|
| 040 |
|
|
|a PPPKCL
|b slo
|c PPPKCL
|e AACR2
|
| 041 |
0 |
|
|a slo
|
| 044 |
|
|
|a xo
|c SK
|
| 080 |
|
|
|a 342.511.1
|x (437.6)
|2 2001
|
| 245 |
0 |
0 |
|a Volili sme vo vetre aj potme. Inak ako zvyšok kraja
|c [autor] (mam)
|
| 648 |
|
7 |
|a 15.3.2014
|2 pppkcl
|9 1093126
|
| 650 |
0 |
7 |
|a prezidentskí kandidáti
|2 pppkcl
|9 83609
|
| 650 |
0 |
7 |
|a prezidentské voľby
|2 pppkcl
|9 4489
|
| 651 |
|
7 |
|a Kežmarok (Slovensko : okres)
|2 pppkcl
|9 51824
|
| 651 |
|
7 |
|a Poprad (Slovensko : okres)
|2 pppkcl
|9 28675
|
| 773 |
0 |
|
|t Podtatranské noviny
|g Roč. LIV, č. 12 (2014), s. 1
|x 1210-2423
|
| 852 |
|
|
|a PPPK
|b KIS3GCP
|
| 999 |
|
|
|c 3316791
|d 3318721
|